01501nam a2200373 a 4500001000200000003000900002005001700011008003000028020001500058040002200073082002800095100003000123245008900153250001300242260006100255300002800316500007000344590002600414650002800440650005200468650004200520910002500562930002400587930002700611930002700638942001200665952012300677952012800800952012800928956001801056956001801074956001801092999001701110 DO-SdBNP20220921102922.0090701s2007 ve 1 0 spa d a9801205660 aBPMSUbspacBPMSU 4a621.7 bM538i 20072221 aMéndez Herrera, Freddy 10aIngeniería industrial :buna ingeniería de servicio /c Freddy Méndez Herrera  a2a. ed. 0 aTáchira, Venezuela :bDecanato de Ingenieria, c2007 a446 p. :bil. ;c27 cm. aIncluye datos biográficos del autor en la solapa de la cubierta 6Inventariado, 2022/VM 4aIngeniería industrial 4a Ingeniería industrialxEnseñanza superior  4aTecnologíaxIngeniería industrial aVMateo V./Validado.  1l m h 8 f p g  1l m h 8 f p g h  1l m h 8 f p g h  2ddccBK 00102ddc40708CGaBPMETbBPMETd2022-09-21l0oBPMSU CG 621.7 M538i 2007pBPMSU22090032r2022-09-21w2022-09-21yBK 00102ddc40708CGaBPMETbBPMETd2022-09-21l0oBPMSU CG 621.7 M538i 2007pBPMSU22090033r2022-09-21te.2w2022-09-21yBK 00102ddc40708CGaBPMETbBPMETd2022-09-21l0oBPMSU CG 621.7 M538i 2007pBPMSU25060139r2025-06-27te.3w2022-09-21yBK a b c l h  a b c l h  a b c l h  c14273d14273